00542nam a22001817a 450000500170000001000150001702000260003203500140005803700130007208200110008510000220009624500630011825000120018126000250019327000840021830000360030250000220033820181018145023.0 aENG-124327 a9789353066369c949.00 aEN-107859 bDBAD/PUB a519.72 aRardin, Ronald L. aOptimization in operations research /cby Ronald L. Rardin a2nd ed. aNoidabPearsonc2019 a15th Floor, Tower B, Worls Trade Tower, Plot No.1, Block -CbNoida (UP)e201301 axxxii, 1146p.c25cm.(pbk)bill. aIt includes index